000 00792nam a2200265 4500
003 OSt
005 20260601171008.0
008 260417b1999\\\\|||a||||\||||\00|\0\spa\d
020 _a9688051179
040 _aOTC
_bspa
_cOTC
041 _aspa
_hspa
050 _aTT273
_bS3
100 1 _aJ. de S'Agaro,
240 _aSerigrafia artistica
_lspa
245 1 _aSerigrafia artistica :
_bTamiz de seda, silk-screenplanografia para artistas y pequeños talleres
260 _aBarcelona
_bLas Ediciones de Arte,
_c1958
264 _bLas Ediciones de Arte
_c1981
_aBarcelona
300 _a70 páginas
_bilustraciones
336 _atexto
_2rdacontent
337 _asin medio
_2rdamedia
338 _avolumen
_2rdacarrier
490 _aComo se hace
_v22
650 _aSerigrafía
942 _2ddc
_cB
999 _c20371
_d20371